Surviving tomorrow: turnaround strategies and perspectives in organisational design and development (Record no. 384576)

000 -LEADER
fixed length control field 00462cam a22001457a 4500
008 - FIXED-LENGTH DATA ELEMENTS--GENERAL INFORMATION
fixed length control field 180718b1997 xxu||||| |||| 00| 0 eng d
020 ## - INTERNATIONAL STANDARD BOOK NUMBER
International Standard Book Number 8125904999
082 ## - DEWEY DECIMAL CLASSIFICATION NUMBER
Classification number I513 Sh28s
100 ## - MAIN ENTRY--PERSONAL NAME
Personal name Shaw, Rajiv
245 ## - TITLE STATEMENT
Title Surviving tomorrow: turnaround strategies and perspectives in organisational design and development
Statement of responsibility, etc. by Rajiv Shaw
260 ## - PUBLICATION, DISTRIBUTION, ETC.
Place of publication, distribution, etc. New Delhi
Name of publisher, distributor, etc. Vikas
Date of publication, distribution, etc. 1997
300 ## - PHYSICAL DESCRIPTION
Extent 156p.
650 ## - SUBJECT ADDED ENTRY--TOPICAL TERM
Topical term or geographic name entry element Organizational sociology
650 ## - SUBJECT ADDED ENTRY--TOPICAL TERM
Topical term or geographic name entry element Organizational change
Holdings
Withdrawn status Lost status Damaged status Not for loan Permanent Location Current Location Date acquired Full call number Barcode Date last seen Price effective from Koha item type
        Indian Institute of Public Administration Indian Institute of Public Administration 1998-02-20 I513 Sh28s 72772 2018-07-21 2018-07-21 Book

Powered by Koha